| 000 | 00696nam a2200229Ia 4500 | ||
|---|---|---|---|
| 003 | GCL | ||
| 008 | 140319s9999 xx 000 0 ara d | ||
| 040 |
_aGCL / _cGCL |
||
| 082 | 0 | 4 |
_aط _b603 _bع م |
| 100 | 1 | _aمحمود حامد | |
| 245 | 1 | 0 |
_aموسوعة العلوم والتكنولوجيا للاطفال والناشئة / _cمحمود حامد |
| 700 | 1 | _aابراهيم حامد | |
| 700 | 1 | _aعصام سعدالدين | |
| 300 | _aمتعدد | ||
| 490 |
_aالهيئة العامة للاستعلامات _v0 |
||
| 650 | 0 | 4 | _aالفضاء |
| 650 | 0 | 4 | _aالاطفال |
| 650 | 0 | 4 | _aالموسوعات |
| 650 | 0 | 4 | _aالعلوم |
| 650 | 0 | 4 | _aالحواس |
| 942 |
_2ddc _cBK |
||
| 999 |
_c49631 _d49631 |
||